000 00312nam a22001337a 4500
008 170825b xxu||||| |||| 00| 0 eng d
020 _a103043129012008076922601
041 _aeng
080 _a070
100 _a40
101 _aMED
245 _aMEDIA CULTURAL MEDIA STUDIES
_cNOBLE..G
942 _2udc
_cBK
999 _c25001
_d25001